Introduction To Mechatronics And Measurement Systems (Record no. 211158)
[ view plain ]
| 000 -LEADER | |
|---|---|
| fixed length control field | 00476nam a2200169Ia 4500 |
| 008 - FIXED-LENGTH DATA ELEMENTS--GENERAL INFORMATION | |
| fixed length control field | 230714s9999 xx 000 0 und d |
| 020 ## - INTERNATIONAL STANDARD BOOK NUMBER | |
| International Standard Book Number | 9780000000000 |
| 041 ## - LANGUAGE CODE | |
| Language code of text/sound track or separate title | eng |
| 082 ## - DEWEY DECIMAL CLASSIFICATION NUMBER | |
| Classification number | 621 |
| Item number | ALC |
| 100 ## - MAIN ENTRY--PERSONAL NAME | |
| Personal name | Alciatore D.G. |
| 245 ## - TITLE STATEMENT | |
| Title | Introduction To Mechatronics And Measurement Systems |
| 250 ## - EDITION STATEMENT | |
| Edition statement | 3rd ed. |
| 300 ## - PHYSICAL DESCRIPTION | |
| Extent | 509 |
| 365 ## - TRADE PRICE | |
| Currency code | Rs. |
| Price amount | 650.00 |
| 700 ## - ADDED ENTRY--PERSONAL NAME | |
| Personal name | Alciatore D.G. & Histand M.B. |
| 9 (RLIN) | 188608 |
| 906 ## - LOCAL DATA ELEMENT F, LDF (RLIN) | |
| d | O:0378518-Feb-2014B:369803-Feb-2014 |
| c | INST |
| b | 1495 |
No items available.